000 004810000a22001930004500
999 _c48037
_d48037
001 833
003 CO-MdFUSB
005 20181024144841.0
008 181024b xxu||||| |||| 00| 0 eng d
020 _a0-7459-4757-3
040 _cCO-MdBIC
082 0 4 _a818HC R59f
100 1 _aRock, Lois
245 1 0 _aFive Minute Bible Stories / Lois Rock, il. : Richard Johnson
260 _aEngland : Lion Publishing
300 _a96 P.
650 1 4 _aLiteratura Infantil
942 _cLGB